[Event "Dortmund SuperGM 38th"]
[Site "Dortmund"]
[Date "2010.07.24"]
[Round "9"]
[White "Mamedyarov, Shakhriyar"]
[Black "Ponomariov, Ruslan"]
[Result "1/2-1/2"]
[WhiteElo "2761"]
[BlackElo "2734"]
[Annotator "Krasenkow,M"]
[PlyCount "85"]
[EventDate "2010.07.15"]
[EventType "tourn"]
[EventRounds "10"]
[EventCountry "GER"]
[EventCategory "20"]
[SourceTitle "CBM 138"]
[Source "ChessBase"]
[SourceDate "2010.09.17"]
[SourceVersion "1"]
[SourceVersionDate "2010.09.17"]
[SourceQuality "1"]

1. d4 d5 2. c4 e6 3. Nf3 Nf6 4. Nc3 Be7 5. g4 {g2-g4 has been apparently tried
in every possible opening, in every possible position. But here it is still
relatively new, especially at the top GM level!} O-O {Alternatives seen in
practice:} (5... h6 6. cxd5 exd5 7. h3 c6 (7... c5 $5 {looks more logical}) 8.
Ne5 Nfd7 9. Nd3 Nf8 10. Bg2 Ng6 11. Rg1 Nd7 12. Qc2 h5 13. Nf4 Nxf4 14. Bxf4
hxg4 15. hxg4 Nf8 16. O-O-O Ng6 17. Bd2 Bf6 18. e4 Bxg4 19. Rde1 Bxd4 20. exd5+
Kf8 21. Qe4 $44 {1-0 Tikkanen,H (2417)-Grabarczyk,M (2510)/Borup 2008/CBM 126
Extra (37)}) (5... dxc4 6. e4 Bb4 7. Qc2 c5 8. a3 Qa5 9. axb4 $1 Qxa1 10. Bxc4
Nc6 11. bxc5 Nb4 12. Qd1 O-O 13. g5 Nd7 14. O-O Qa5 15. e5 $44 {1-0 Eklund,L 
(2434)-Walker,G (2384)/ICCF Email 2003/ICCF CBM 120 (57)}) (5... c5 $5 {
(a very logical counter-attack in the centre)} 6. g5 (6. dxc5 $5) 6... Ne4 7.
cxd5 Nxc3 (7... exd5 $5) 8. bxc3 Qxd5 9. Rg1 $6 (9. Bg2) 9... cxd4 10. cxd4 Nc6
11. Bg2 O-O 12. h4 Rd8 13. e3 Qf5 14. Qe2 Nb4 $17 {0-1 Rosenberg,E (2182)
-Gaillard,E (2153)/New York 2008/EXT 2010 (40)}) 6. g5 (6. Rg1 $6 c5 7. dxc5
Bxc5 8. e3 Ne4 9. Nxe4 dxe4 10. Qxd8 Rxd8 11. a3 exf3 {0-1 Eklund,L (2434)
-Cranbourne,C (2455)/ICCF Email 2003/ICCF CBM 120}) (6. Qc2 $6 dxc4 $1 (6...
Nc6 7. g5 Nh5 8. e3 Bxg5 9. Rg1 Be7 10. a3 Kh8 11. Bd2 f5 12. O-O-O Nf6 13. Ng5
a6 14. f4 $44 {1-0 Quaranta,C-Bellanger,M/LSS 2007/Telechess CBM 129 (36)}) (
6... Nxg4 7. Rg1 f5 8. h3 Nf6 9. Bh6 Nh5 10. e3 Kh8 11. Bg5 Nf6 12. O-O-O Nc6
13. Ne5 Ne4 14. Bxe7 Qxe7 15. Nxc6 bxc6 16. f4 Nxc3 17. Qxc3 $44 {1/2 Richard,
A (1149)-Helfrich,C (1707)/IECC 2009/Telechess CBM 133 (30)}) 7. e4 Nc6 8. g5
Nd7 9. Bxc4 Nb6 10. Ne2 Bb4+ 11. Bd2 Bxd2+ 12. Kxd2 Nxd4 13. Nexd4 e5 14. Bd3
exd4 15. Rag1 Qe7 16. h4 c5 17. e5 g6 18. h5 c4 $19 {1/2 Bergez,L (2413)
-Shchekachev,A (2503)/Creon 2000/EXT 2001 (34)}) 6... Ne4 7. Qc2 $5 $146 {
[%mdl 512] White just sacrifices the pawn to open up the g-file! Was the idea
evoked by computer-GM games with pawn odds?} (7. h4 c5 $1 8. Qc2 Nxc3 9. bxc3
Nc6 10. e3 f5 11. cxd5 Qxd5 12. Bg2 cxd4 13. exd4 e5 14. Qb3 Be6 15. Qxd5 Bxd5
16. O-O {1/2 Thier,J (2058)-Strzelczyk,A (1819)/Liberec 2009/EXT 2010}) 7...
Nxg5 8. Bxg5 Bxg5 9. h4 $5 {White even leaves this bishop alive!} (9. Nxg5 $5
Qxg5 10. h4) 9... Bh6 {It is hard to say whether} (9... Be7 {or}) (9... Bf6 {
is better. White's plan is the same: queenside castling and attack along the
g- and h-files, with the main idea Nf3-g5. If Black chooses the same plan as
in the game (...f7-f5) then the bishop would better stay on e7.}) (9... Be7 10.
Ng5 f5 11. cxd5 exd5 12. e4 $6 fxe4 13. Nxd5 Kh8 $1 {is favourable for Black.})
10. e3 c6 11. Ng5 $1 f5 {It is now rather impossible for White to break
through on the kingside but the position is closed, which makes it very
difficult for Black to convert his extra pawn, too.} (11... g6 $5 12. f4 Nd7 {
[%cal Yd7f6]}) 12. Rg1 Qe7 13. O-O-O Nd7 14. f3 Nf6 15. Kb1 Kh8 16. Bd3 e5 $6 {
Rather unfortunate as Black is still underdeveloped.} (16... Bd7 $142 $5 17. e4
$140 fxe4 18. fxe4 dxc4 19. Bxc4 b5 20. Bb3 e5 $1 21. dxe5 Qxe5 22. Nf7+ Rxf7
23. Bxf7 Bg4 {Black gives back material but obtains a positional advantage.})
17. cxd5 Nxd5 18. Nxd5 cxd5 19. dxe5 Qxe5 20. Qc5 Be6 21. f4 Qf6 22. Nxe6 Qxe6
23. Bc2 {[%csl Rd5]} b6 24. Qxd5 (24. Qd4 $142 Rae8 25. Rd3 {, and the d5-pawn
will finally fall.}) 24... Qxe3 25. Bxf5 Qc5 {In the resulting endgame Black's
chances to win are slim due to the opposite-coloured bishops and active
position of White's pieces. Besides, the black king gets trapped on h8.} (25...
Qxf4 26. Bc2 Rac8 27. Qd3 g6 28. h5 $132) (25... Rae8 $5 $15) 26. Qxc5 bxc5 27.
Rd5 Bxf4 28. Rg4 (28. h5 Be3 29. Rf1 $5) 28... Be3 29. h5 Bd4 30. Kc2 a5 31. a4
Rf6 32. Rg2 Raf8 33. Bd3 g6 {Black has no other way to make progress but this
leads to further simplifications.} 34. hxg6 Rf2+ 35. Rxf2 Rxf2+ 36. Kd1 hxg6
37. Bxg6 Kg7 (37... Rxb2 38. Rd7) 38. Bc2 Kf6 39. b3 Rf1+ 40. Ke2 Rf2+ 41. Kd1
Rf1+ 42. Ke2 Rf2+ 43. Kd1 {White had to fight for a draw without any prospects
for more. Therefore I don't see any room for further development of this
bizarre line.} 1/2-1/2

[Event "Gashimov Memorial 6th"]
[Site "Shamkir"]
[Date "2019.04.06"]
[Round "6"]
[White "Karjakin, Sergey"]
[Black "Anand, Viswanathan"]
[Result "1-0"]
[WhiteElo "2753"]
[BlackElo "2779"]
[Annotator "Krasenkow,M"]
[PlyCount "103"]
[EventDate "2019.03.31"]
[EventType "tourn"]
[EventRounds "9"]
[EventCountry "AZE"]
[EventCategory "22"]
[SourceTitle "CBM 190"]
[Source "ChessBase"]
[SourceDate "2019.06.30"]
[SourceVersion "1"]
[SourceVersionDate "2019.06.30"]
[SourceQuality "1"]

{[%evp 0,103,40,11,23,0,-3,-3,1,-6,24,20,6,12,46,51,60,11,17,9,31,11,52,42,82,
84,134,134,134,92,92,135,131,135,114,147,109,103,93,48,42,70,56,57,57,47,26,22,
34,29,32,16,16,-7,29,37,61,53,72,70,72,66,96,73,78,71,60,67,79,70,46,63,53,55,
68,36,76,69,72,51,71,70,103,86,84,97,88,93,98,107,111,115,115,54,102,101,144,
129,150,136,150,150,144,145,137,137]} 1. d4 Nf6 2. c4 e6 3. Nf3 d5 4. Nc3 Be7
5. Bf4 O-O 6. e3 c5 7. dxc5 Bxc5 8. Qc2 Nc6 9. Rd1 Qa5 10. a3 Rd8 {One of the
lines which became popular after the World Championship match Carlsen-Caruana.}
11. Nd2 {A principled reply.} (11. Be2 {(played by Carlsen) is rather harmless.
}) 11... d4 (11... e5 12. Bg5 dxc4 13. Bxc4 Be7 14. O-O Bg4 15. f3 Bh5 16. Bxf6
Bxf6 {0-1 (38) Chekhov,V (2520)-Bondar,I (2280) Orel 1997} 17. Nde4 $16 Be7
$140 18. Nd5) (11... dxc4 12. Nxc4 (12. Bxc4 Be7 13. O-O Qf5 $1 (13... Qh5 14.
Bc7 (14. Nde4 Rxd1 15. Qxd1 Qxd1 16. Rxd1 Nxe4 17. Nxe4 e5 18. Bg3 Kf8 19. f3
Bf5 20. Nc3 Rd8 21. Bd5 Bc5 $11 {1/2 (36) Roiz,M (2661)-Khamrakulov,D (2479)
Tashkent 2011}) 14... Rd7 (14... Rf8 15. Be2 Qg6 16. Qxg6 hxg6 17. Bf3 Bd8 18.
Bg3 Nh5 19. Bd6 Be7 20. Nc4 $16 {1-0 (30) Forintos,G (2435)-Schneider,L (2430)
Esbjerg 1978}) 15. Bg3 Qg6 16. Qa4 Nh5 17. Bb5 Nxg3 18. hxg3 e5 19. Nc4 $16 {
1-0 (25) Doroshkievich,V-Kozlov,V Briansk 1975}) 14. Nde4 Nd5 15. Bg3 (15. Qc1
Nxf4 16. exf4 Bd7 17. Nd6 Bxd6 18. Rxd6 Be8 19. Rfd1 Rxd6 20. Rxd6 Rd8 $11 {
1/2 (23) Raznikov,D (2494)-Nakar,E (2456) Dallas 2018}) 15... Nxc3 16. bxc3 Ne5
$6 (16... b6 $1 $11) 17. Rxd8+ Bxd8 18. Qd1 $1 Bb6 19. Nd6 Qf6 20. Bb5 $16 {
1-0 (34) Graf,A (2610)-Dobrev,N (2440) Leipzig 2007}) 12... Rxd1+ 13. Qxd1 Qd8
14. Qxd8+ Nxd8 15. Be2 (15. Na4 Bf8 16. Nab6 axb6 17. Nxb6 Ra5 18. Nxc8 Rc5 19.
Nb6 Rc2 $44 {1/2 (57) Euwe,M-Kupper,J Zuerich 1954}) 15... Nd5 (15... Nc6 16.
Bf3 Bd7 17. Ne5 $14 {1-0 (53) Serper,G (2507)-Bruno,R (2219) Las Vegas 2007})
16. Nxd5 exd5 17. Bd6 (17. Nd6 $14) 17... b6 18. Bxc5 (18. b4 $5 {[%csl Rc8,
Rd5]} Bxb4+ 19. Bxb4 dxc4 20. Bxc4 $14 {[%csl Gb4,Gc4]}) 18... bxc5 $11 {
1/2 (27) Bagirov,V-Matanovic,A Yerevan 1971}) 12. Nb3 Qb6 13. Na4 $1 Bb4+ 14.
axb4 (14. Ke2 Qa6 15. Nxd4 Be7 16. Nxc6 Qxc6 17. Rxd8+ Bxd8 18. Kd1 b6 19. Nc3
Ba6 $44 {1/2 (22) Petrosian,T-Lutikov,A Moscow 1966}) 14... Qxb4+ 15. Nd2 e5 (
15... Qa5 $5 16. b3 (16. Qb3 $5) 16... Nb4 17. Qb1 b5 (17... d3 18. f3 Nh5 19.
Bg3 Qg5 20. Kf2 $16 {1-0 (32) Gheorghiu,F-Ostojic,P Monte Carlo 1969}) (17...
e5 $1 18. Bg5 Bf5 $1 19. e4 $8 (19. Qxf5 $4 e4 $3 20. Qxa5 Nc2+ 21. Ke2 d3#)
19... Nxe4 20. Bxd8 Rxd8 21. Nxe4 Nc2+ 22. Ke2 Bxe4 23. f3 Bg6 24. Kf2 d3 $44)
18. Nb2 Bb7 19. f3 e5 20. Bg5 dxe3 21. Bxe3 e4 22. Be2 {1-0 (57) Doroshkievich,
V-Gipslis,A Tbilisi 1967} Na2 $1 $44) 16. Bg5 Qa5 17. Qb3 $1 (17. Bxf6 gxf6 18.
b3 Nb4 19. Qb1 e4 $44 {1/2 (19) Ivkov,B-Musil,V Maribor 1967}) 17... Nb4 $1 18.
Bxf6 gxf6 19. Be2 Bd7 20. Ra1 dxe3 21. fxe3 b5 22. O-O $1 (22. cxb5 $2 Be6 {
[%cal Ya8c8]}) 22... bxa4 23. Qc3 $44 {The outcome of complications is rather
favorable for White as Black's king is unsafe.} f5 24. Nf3 f6 25. Nh4 $36 {>>}
Nc6 26. Qa3 $1 (26. Qxa5 Nxa5 27. Nxf5 Nb3 $132) 26... e4 {Perhaps it was
better not to put this pawn on a square of the bishop's colour.} (26... Qd2 $5
27. Rf2 Rab8 28. Bf1 Qb4 29. Qxa4 Qxa4 30. Rxa4 Kf7 31. Ra6 Rb6 32. Rxb6 axb6
33. Nxf5 Be6 34. g4 Na5 35. Rc2 h5 $14 {1/2 (50) Janosi,E (2042)-Koehler,J 
(1966) Lechenicher SchachServer 2011}) 27. Bd1 Ne5 28. Bxa4 Qxa4 29. Qxa4 Bxa4
30. Rxa4 f4 31. c5 $5 $146 {[%mdl 8] It is only here that the game deviates
from the following predecessor:} (31. Rxf4 Rd1+ 32. Rf1 Rxf1+ 33. Kxf1 Rb8 34.
b4 Nxc4 35. Nf5 Rb5 36. g4 h5 37. h3 hxg4 38. hxg4 Ne5 39. Rxa7 Rxb4 $11 {
1/2 (46) Aronian,L (2765)-Caruana,F (2832) London 2018}) 31... fxe3 32. Rxe4
Rab8 33. Rxe3 Rxb2 34. h3 Rc2 35. Rxf6 Rxc5 {The position looks drawish but in
fact, Black should defend accurately as his king is exposed.} 36. Ra6 Nc6 37.
Nf3 Rc8 38. Re6 Rc7 39. Kh2 Kg7 40. Ra4 h5 $6 {Rather a bad idea. This pawn
becomes vulnerable.} (40... Kf7 41. Rd6 $5) 41. Ra6 Ne7 42. Nd4 Nf5 43. Ne2 Rc4
$6 (43... h4 $142 {but Black is under strong pressure anyway.}) 44. Rg6+ Kf8
45. Rg5 Ng7 46. Rf6+ $1 Rf7 47. Rh6 Ke7 $2 (47... Rfc7 {was more stubborn but
the h5 pawn is doomed anyway.}) 48. Ra5 Ke8 49. Rh8+ Rf8 50. Rh7 Rf7 51. Re5+
Kd8 52. Rexh5 {Vishy Anand (a bit surprisingly) decided not to continue
resistance.} (52. Rexh5 Nxh5 53. Rxf7 a6 {- White is yet to display winning
technique.}) 1-0

[Event "EU-ch 11th"]
[Site "Rijeka"]
[Date "2010.03.11"]
[Round "6"]
[White "Fressinet, Laurent"]
[Black "Aleksandrov, Aleksej"]
[Result "1-0"]
[WhiteElo "2670"]
[BlackElo "2601"]
[Annotator "Krasenkow,M"]
[PlyCount "65"]
[EventDate "2010.03.06"]
[EventType "swiss"]
[EventRounds "11"]
[EventCountry "CRO"]
[SourceTitle "CBM 136"]
[Source "ChessBase"]
[SourceDate "2010.05.18"]
[SourceVersion "1"]
[SourceVersionDate "2010.05.18"]
[SourceQuality "1"]

1. d4 Nf6 2. Nf3 e6 3. c4 d5 4. Nc3 Be7 5. Bf4 O-O 6. a3 {The main idea of
this move was explained by GM G. Meier in annotations to his game against LD.
Nisipeanu (see CBM 133). That is - to prevent 6...Nbd7.} Nbd7 {And still!} (
6... c5) (6... c6) (6... b6 {are more common options.}) ({Meier himself
prefered} 6... dxc4) 7. Nb5 $1 Ne8 8. e3 Ndf6 $146 {Practice has seen:} (8...
a6 9. Nc3 c6 10. Qc2 b5 11. c5 g5 12. Bg3 f5 13. Bd3 Rf7 14. h4 g4 15. Ng5 Bxg5
16. hxg5 Qxg5 17. Ne2 $16 {1-0 Williams,S (2550)-Addison,B (2258)/Hastings ENG
2009/The Week in Chess 790 (35)}) (8... dxc4 9. Bxc4 Nd6 10. Rc1 a6 11. Nxd6
cxd6 12. Bd3 Nf6 13. e4 Bd7 14. O-O Bb5 15. Bxb5 axb5 16. Qd3 Qd7 17. Nd2 Rfc8
18. f3 d5 19. e5 Ne8 20. Be3 b4 21. axb4 Bxb4 22. Nb3 $14 {1-0 Riazantsev,A 
(2647)-Nezad,H (2406)/Biel 2009/CBM 131 Extra (34)}) (8... c6 9. Nc3 Nef6 10.
Qc2 b6 11. cxd5 exd5 12. Bd3 Bb7 13. O-O Re8 14. Ne5 Nf8 15. Bg3 Nh5 16. e4
Nxg3 17. hxg3 Bf6 18. Nf3 g6 19. e5 Bg7 20. Ne2 Rc8 21. Nf4 $14 {1/2 Bartel,M 
(2634)-Lekic,D (2396)/Rijeka CRO 2010/The Week in Chess 801 (50)}) 9. Rc1 Nh5
10. Bg3 g6 11. Be2 dxc4 12. Bxc4 Nd6 13. Qe2 Bd7 14. O-O a6 15. Nc3 Rc8 16. b4
Nxc4 17. Qxc4 Qe8 18. Rfd1 $14 {White finally keeps a small positional
advantage due to his greater space. Black's bishop pair doesn't fully
compensate for that.} f6 19. Ne4 Nxg3 20. hxg3 Qf7 21. Nc5 Bxc5 22. Qxc5 Ba4
23. Rd2 Rfd8 24. e4 g5 $6 {Just weakening his kingside. It was definitely
better to remain patient:} (24... Bc6) 25. Nh2 h5 26. Nf1 Qh7 27. f3 Qd7 28. d5
$1 {Breaking down Black's centre.} Qe8 (28... e5 29. Ne3 {[%csl Gf5] - the
consequence of 24...g5.}) (28... Qd6 29. Qf2 $5 {[%cal Yf1e3]} c6 30. dxe6 Qxe6
31. Ne3 $16) 29. Ne3 Kg7 30. Qc3 exd5 31. Rxd5 Bc6 $4 {[%mdl 8192]} ({The
endgame after} 31... Rxd5 32. Nxd5 Qe6 33. Nxc7 Qb6+ 34. Qc5 {was hopeless
enough.}) 32. Rxg5+ Kh7 33. Qxf6 1-0

[Event "RUS-ch 72nd"]
[Site "Izhevsk"]
[Date "2019.08.22"]
[Round "11"]
[White "Fedoseev, Vladimir1"]
[Black "Jakovenko, Dmitrij"]
[Result "1-0"]
[WhiteElo "2671"]
[BlackElo "2704"]
[Annotator "Krasenkow,M"]
[PlyCount "101"]
[EventDate "2019.08.10"]
[EventType "tourn"]
[EventRounds "11"]
[EventCountry "RUS"]
[EventCategory "18"]
[SourceTitle "CBM 192"]
[Source "ChessBase"]
[SourceDate "2019.10.31"]
[SourceVersion "1"]
[SourceVersionDate "2019.10.31"]
[SourceQuality "1"]

{[%evp 0,101,16,17,17,4,11,9,9,10,13,21,26,16,46,34,24,29,39,23,52,28,32,15,63,
60,66,35,66,44,44,22,18,23,23,19,18,9,8,8,5,8,20,-3,7,0,0,-1,0,4,8,4,8,10,17,
17,8,20,37,45,63,50,62,56,69,26,36,36,16,31,34,34,39,44,40,45,172,153,168,145,
146,173,185,176,167,170,170,170,170,170,272,284,301,296,297,266,336,297,414,
329,340,375,403,399]} 1. d4 Nf6 2. c4 e6 3. Nf3 d5 4. Nc3 Be7 5. Bf4 O-O 6. e3
Nbd7 7. Be2 dxc4 8. Bxc4 a6 9. a4 c5 10. dxc5 {A quiet continuation leading to
a simple position. However, this game shows that there is still a lot of fight
ahead.} (10. O-O {is more popular.}) 10... Nxc5 (10... Bxc5 11. O-O b6 12. Qe2
(12. Qd2 Bb7 13. Rfd1 Qe7 14. Ne5 Nxe5 15. Bxe5 Rfd8 16. Qe2 a5 17. h3 h6 18.
Qc2 Rxd1+ 19. Rxd1 {1/2 (19) Korobov,A (2656)-Jakovenko,D (2712) Poikovsky 2016
}) 12... Bb7 13. Rad1 $1 {[%cal Ye3e4]} (13. Rfd1 Qe7 14. Rac1 (14. h3 Rfc8 15.
Rac1 Nf8 $11 {1-0 (68) Gurevich,M (2605)-Vaganian,R (2650) Moscow 2001 CBM 086
[Dautov,R]}) (14. Nd4 Rfc8 15. Bg3 Nf8 $11 {0-1 (39) Epishin,V (2583)-Vaganian,
R (2650) Germany 2001}) 14... h6 15. h3 Rfc8 16. Bg3 Qe8 17. Bd6 Bxd6 18. Rxd6
Rc5 $11 {1/2 (42) Gagunashvili,M (2547)-Karthikeyan,M (2472) New Delhi 2014})
13... Qc8 14. Rc1 Bc6 15. e4 Qb7 16. Rfd1 Rfe8 17. e5 Nd5 18. Nxd5 exd5 $14 {
1/2 (40) Sokolov,I (2688)-Bologan,V (2630) France 2003 CBM 094 [Dautov,R]}) 11.
O-O (11. Qc2 Qa5 $11 {R.Dautov}) 11... Qxd1 (11... Qa5 $5 12. Qb1 Qb4 13. Qa2
Bd7 14. Rfd1 Nxa4 15. Nxa4 Bxa4 16. Qxa4 Qxa4 17. Rxa4 b5 18. Bxb5 {1/2 (18)
Papin,V (2466)-Cheng,B (2446) Melbourne 2016}) 12. Rfxd1 Rd8 (12... Bd7 13. Ne5
Rfc8 14. Be2 Bc6 15. Nxc6 Rxc6 16. Rab1 Nb3 17. Bf3 Rb6 {1/2 (27) Iturrizaga
Bonelli,E (2658)-Fridman,D (2626) Germany 2018} 18. Be5 $14) 13. Ne5 Ncd7 (
13... Nh5 $6 14. Rxd8+ Bxd8 15. b4 Nd7 16. Rd1 g5 17. Be2 $1 gxf4 18. Bxh5 Nxe5
19. Rxd8+ Kg7 20. exf4 Nc6 21. Re8 Nxb4 22. Re7 $18 {1-0 (35) Sokolov,I (2645)
-Le Roux,J (2523) Mulhouse 2011}) 14. Be2 Nxe5 15. Bxe5 Bd7 16. Bf3 Bc6 17.
Bxc6 bxc6 $11 {Both sides have weaknesses: White's b2 pawn vs Black's c6 pawn.
Therefore the position is roughly equal.} 18. Kf1 Nd5 (18... Rxd1+ $5 19. Rxd1
Ra7 {[%cal Ya7b7]}) 19. e4 Nxc3 20. bxc3 {And now the position is almost
symmetrical. However, the struggle continues. White's bishop is more active so
he keeps some initiative.} f6 21. Bf4 Kf7 22. Ke2 e5 23. Be3 Rab8 24. Rdb1 {
[%mdl 32] White's king controls the d-file; therefore White concentrates on
the fight for the b-file.} Ke6 25. Ba7 Ra8 26. Bb6 (26. Rb7 Rd7 27. Rxd7 Kxd7
$11) 26... Rd7 (26... Rdb8 27. Bc7 $1 Rc8 28. Rb7) (26... Rdc8 {is too passive.
}) 27. Be3 {A typical trick securing the b-file for White. However, Black has
enough counterplay.} Bd8 28. Rb3 Rc8 $6 {An obvious but wrong move!} (28... Ba5
29. Rab1 Rad8 {was correct, and it is difficult for White to make progress. If}
30. Bb6 (30. R1b2 {[%cal Ye3b6]} Rd3 31. Rc2 R3d7) {then} 30... Rd2+ 31. Ke1
Bxb6 32. Rxb6 Ra2 33. Rxc6+ Kf7 {[%cal Rd8d2]} 34. Rc7+ Kg6 35. Rbb7 Kg5 36.
Rxg7+ Kf4 $11 {[%cal Ya2a1]}) 29. Rab1 c5 (29... Ba5 {is now ineffective due to
} 30. Bb6 Bxb6 31. Rxb6 Ra7 32. Kd3 {etc.}) 30. Rb8 Rc6 31. c4 Ba5 32. Rh8 h6
33. Rbb8 {Activating another rook.} Bc3 34. h4 Bd4 35. Bd2 Rcc7 {A desperate
attempt to activate Black's rooks (...Rc7-b7).} ({If} 35... Bxf2 {then} 36.
Rbe8+ $1 Kf7 37. h5 g5 $8 38. Ra8 Kg7 ({or} 38... Ke6 39. Rxh6) 39. Rag8+ Kf7
40. Rg6 Rcd6 41. Bc1 Bg3 42. Rh7+ Kf8 43. Rhxh6 {, and the h5 pawn decides the
game}) 36. Rb6+ Kf7 (36... Rd6 37. a5 $5) 37. Be1 f5 {A senseless sacrifice
but what to do?} (37... Rb7 38. a5 {followed by Rh8-a8xa6}) 38. exf5 e4 39.
Rbb8 Kf6 40. g4 Rb7 41. f3 exf3+ 42. Kxf3 Ba1 43. Bf2 Rxb8 44. Rxb8 Rd1 45.
Bxc5 Rc1 46. Ke4 $5 g5 (46... Rxc4+ 47. Kd5 $18) 47. hxg5+ hxg5 48. Rb4 Rh1 49.
Bf2 a5 50. Rb6+ Kf7 51. c5 1-0

[Event "FIDE-Wch k.o."]
[Site "Groningen"]
[Date "1997.12.09"]
[Round "1.1"]
[White "Krasenkow, Michal"]
[Black "Van der Sterren, Paul"]
[Result "1-0"]
[WhiteElo "2645"]
[BlackElo "2555"]
[Annotator "Krasenkow,M"]
[PlyCount "87"]
[EventDate "1997.12.09"]
[EventType "k.o."]
[EventRounds "7"]
[EventCountry "NED"]
[SourceTitle "CBM 063"]
[Source "ChessBase"]
[SourceDate "1998.03.26"]
[SourceVersion "1"]
[SourceVersionDate "1998.03.26"]
[SourceQuality "1"]

1. d4 {Baburin} Nf6 2. c4 e6 3. Nf3 d5 4. Nc3 Be7 5. Bf4 O-O 6. e3 c5 7. dxc5
Bxc5 8. a3 Nc6 9. b4 Be7 (9... Bd6 {deserves attention to exchange the white
strong bishop.}) 10. cxd5 Nxd5 11. Nxd5 exd5 12. Bd3 {[%csl Rd5]} Bf6 13. Rc1
a6 14. O-O Be6 15. Bb1 Qe7 $6 {This allows a tactical trick enabling White to
improve his position.} (15... g6 $142) ({Baburin: Here Black had to limit
White's light-squared bishop at once, playing} 15... g6) 16. e4 {Baburin: A
very interesting idea! We hear all about the isolated pawn being blockaded,
attacked, etc, but rarely we see such a pawn simply being exchanged. Of course,
this move has become possible due to Black's mistake on the previous move. Now
16...dxe4 is bad because of 17 Bd6, yet Black's dark-squared bishop is in
danger in view of the e4-e5 threat.} Qd8 $146 (16... Qd7 17. Ng5 Bxg5 18. Bxg5
d4 {Dreev,A-Lutz,C/Dortmund 1994/CBM 42 (42)}) 17. Qd3 $1 (17. e5 Be7 18. Nd4 (
18. Qd3 g6 19. Bh6 Re8 20. Nd4 $2 Nxe5) 18... Nxd4 19. Qxd4 Qd7 20. Qd3 g6 21.
Bh6 Rfc8 $10 {White has no time to prepare f2-f4-f5 and he has no knight to
occupy the d4 square!}) 17... dxe4 18. Qxe4 g6 19. Rfd1 {The position is open
and the white pieces are very active. Baburin: In this pawn free centre White
has a big advantage, due to his far superior development.} Qb6 20. Be3 Qc7 {
Black decides on passive defence. More interesting is} (20... Qb5 21. Qf4 $1 {
[%cal Yf4h6]} Bg7 (21... Bb2 22. Qh6 $1 {[%cal Yf3g5] Speelman} Bg7 (22... Bxc1
23. Ng5 Rfd8 24. Qxh7+ Kf8 25. Nxe6+ fxe6 26. Qh6+ Kg8 27. Qxg6+ Kf8 28. Qh6+
Kg8 29. Bh7+ Kf7 30. Qg6+ $18) 23. Qh4 Bf5 24. Bc5 $16 {[%cal Yb1f5]}) 22. Ng5
Bb3 23. Rd3 $36) 21. Ng5 Rfe8 (21... Bf5 $2 {Baburin,A} 22. Qh4 Bxg5 23. Bxg5
Bxb1 24. Bf6 $18) 22. Qh4 h5 23. Nxe6 Rxe6 24. Qc4 $16 {^^ White has a pair of
bishops in an open position. Baburin: White has converted his better
development into possession of the bishop pair, which in this open position
counts for a lot.} Qe7 25. Ba2 {[%cal Rc4c2,Rc2g6]} Bg5 26. Bxg5 $6 {It's too
early to give up this bishop!} (26. Bc5 $1 Qf6 27. Rb1 Rae8 28. Qf1 $16 {
[%cal Ya2d5] Speelman}) 26... Qxg5 27. f4 Qf6 $2 {[#] A tactical error.} (27...
Qe7 28. Qc5 (28. f5 gxf5 29. Qf4 Re2) 28... Qxc5+ 29. Rxc5 Re7 $14) 28. Qc5 $1
Re7 $2 (28... Re2 29. Rd6 Qg7 (29... Qh4 30. Rxg6+ Kh8 (30... Kh7 31. Rg3) 31.
Rg3 Rxa2 32. Rh3 $18) 30. Bc4 Re4 31. Rd7 Rxf4 32. Rxb7 Ne5 33. Bf1 $16 {
[%csl Ga3,Ra6,Gb4][%cal Ya3a4,Yb4b5]}) 29. Rd6 Qxf4 30. Rf1 Qe4 31. Bd5 Qd4+
32. Qxd4 Nxd4 33. Rxg6+ Kh7 (33... Kf8 34. Rgf6) 34. Rb6 f5 35. Rxb7 Rxb7 36.
Bxb7 Ra7 37. Bc8 f4 (37... Kg6 38. Rd1) 38. Rd1 Ne2+ 39. Kf2 Nc3 40. Rd7+ Rxd7
41. Bxd7 Kg6 42. Bc8 Nb5 43. Bxa6 Nxa3 44. Bd3+ 1-0